00269nam a2200085Ia 4500008004100000041000800041100001900049245008400068260003100152241105s9999 xx 000 0 und d aeng aKadu Aishwarya aLandscape Planning Proposal For Gondekhal Village And Its Surrounding Watershed bBNCA M Arch LA, Punec2020